<?xml version="1.0" encoding="UTF-8"?><?xml-stylesheet type="text/xsl" href="static/style.xsl"?><OAI-PMH xmlns="http://www.openarchives.org/OAI/2.0/" xmlns:xsi="http://www.w3.org/2001/XMLSchema-instance" xsi:schemaLocation="http://www.openarchives.org/OAI/2.0/ http://www.openarchives.org/OAI/2.0/OAI-PMH.xsd"><responseDate>2026-06-01T18:40:49Z</responseDate><request verb="GetRecord" identifier="oai:riuma.uma.es:10630/9879" metadataPrefix="marc">https://riuma.uma.es/rest/oai/request</request><GetRecord><record><header><identifier>oai:riuma.uma.es:10630/9879</identifier><datestamp>2026-02-03T12:18:51Z</datestamp><setSpec>com_10630_2254</setSpec><setSpec>col_10630_37959</setSpec></header><metadata><record xmlns="http://www.loc.gov/MARC21/slim" xmlns:dcterms="http://purl.org/dc/terms/" xmlns:doc="http://www.lyncode.com/xoai" xmlns:xsi="http://www.w3.org/2001/XMLSchema-instance" xsi:schemaLocation="http://www.loc.gov/MARC21/slim http://www.loc.gov/standards/marcxml/schema/MARC21slim.xsd">
   <leader>00925njm 22002777a 4500</leader>
   <datafield ind2=" " ind1=" " tag="042">
      <subfield code="a">dc</subfield>
   </datafield>
   <datafield ind2=" " ind1=" " tag="720">
      <subfield code="a">Góngora González, Andrés</subfield>
      <subfield code="e">author</subfield>
   </datafield>
   <datafield ind2=" " ind1=" " tag="720">
      <subfield code="a">González-Jiménez, Antonio Javier</subfield>
      <subfield code="e">author</subfield>
   </datafield>
   <datafield ind2=" " ind1=" " tag="260">
      <subfield code="c">2015-06-09</subfield>
   </datafield>
   <datafield ind2=" " ind1=" " tag="520">
      <subfield code="a">Multicopters are lightweight and maneuverable aerial vehicles yet unable to carry heavy payloads, such as large sensors or computers required for indoor autonomous navigation. Therefore, localization is usually performed by using vision-based solutions employing of either lightweight on-board cameras or external fixed cameras and a ground station for&#xd;
data-processing. Nevertheless, the current tendency is to use a low-power on-board computers to perform all computation on the multicopter itself. This paper covers the enhancement of a commercial multicopter, also called drone, with computation ability and sensorial devices for autonomous flight without the need of a ground-station. We describe the hardware and software integrated into the drone, which will be used for the future development of 6DoF navigation algorithms. The resulting system is able to work with most standard sensors and has the possibility to change them as needed. Also, we demonstrate the correct behavior of the drone by using a test navigation program that autonomously follows a moving beacon at constant distance and controlled altitude using an RGB-D camera and a sonar.</subfield>
   </datafield>
   <datafield ind1="8" ind2=" " tag="024">
      <subfield code="a">http://hdl.handle.net/10630/9879</subfield>
   </datafield>
   <datafield tag="653" ind2=" " ind1=" ">
      <subfield code="a">Robótica</subfield>
   </datafield>
   <datafield ind2="0" ind1="0" tag="245">
      <subfield code="a">Enhancement of a commercial multicopter for research in autonomous navigation</subfield>
   </datafield>
</record>
</metadata></record></GetRecord></OAI-PMH>